00678nam a2200205 a 450000100060000000300080000600500170001400800390003103500190007004000230008904100130011208200310012510000370015624501310019326000280032430000200035250000460037250400410041865000130045927367BD-RjUL20211209051139.0140325s1934 enk b 000 0 eng a(BD-RjUL)27440 aDLCcDLCdDLCbeng1 aenghger00a320.54095694220bLIF 19341 aLichtenstaedter, S.q(Siegfried)14aThe future of Palestine :ban appeal to Zionist Jews and the civilised world /cby "Mehemed Emin Efendi" (S. Lichtenstaedter). aLondon :bLuzac,c1934. a44 p. ;c19 cm. aTranslation of: Die Zukunft Palàˆstinas. aIncludes bibliographical references. 0aZionism.